000 00404nam a22001457a 4500
003 macl
005 20180613160047.0
008 180421b xxu||||| |||| 00| 0 eng d
040 _cMACL
100 _aBimal Prasad
_972128
245 _aPathway to India's Partition:The foundations of muslim nationalism Volume I
260 _aDelhi
_bManohar
_c2001
650 _aPoltical science
_972243
942 _2ddc
_cBK
999 _c57871
_d57871